000 00532nam a2200193 a 4500
005 20251204155515.0
008 251204s2006##################000#0#eng##
020 _a9789054101864
_qhbk
041 _aeng
082 0 4 _a624.19
_bHOE
100 1 _aHoek, E
245 1 0 _aSupport of Underground Excavations in Hard Rock
_c/ E. Hoek , P.K. Kaiser , W.F. Bawden
260 _bTaylor & Francis Group,
_c2006.
300 _a256 pages
650 0 _aScience.
700 _aKaiser, P.K.
700 _aBawden, W.F.
942 _cENGLISH
999 _c600140
_d600140